Syntactic pattern recognition : an introduction
Αποθηκεύτηκε σε:
| Κύριος συγγραφέας: | |
|---|---|
| Άλλοι συγγραφείς: | |
| Μορφή: | Βιβλίο |
| Γλώσσα: | English |
| Δημοσίευση: |
Reading, Mass. :
Addison-Wesley Pub. Co., Advanced Book Program,
1978
|
| Σειρά: | Applied mathematics and computation ;
; 14 |
| Θέματα: | |
| Ετικέτες: |
Προσθήκη ετικέτας
Δεν υπάρχουν, Καταχωρήστε ετικέτα πρώτοι!
|
MARC
| LEADER | 00000cam a2200000 i 4500 | ||
|---|---|---|---|
| 001 | 1/27646 | ||
| 008 | 941103s1978 eng d | ||
| 020 | |a 0201029308 | ||
| 035 | |l 10037874 | ||
| 035 | |a 1987 | ||
| 040 | |a GR-MY-UA |b gre |e aacr | ||
| 041 | 0 | |a eng | |
| 082 | 0 | |a 003.52 | |
| 100 | 1 | |a Gonzalez, Rafael C. | |
| 245 | 1 | 0 | |a Syntactic pattern recognition : |b an introduction / |c Rafael C. Gonzalez, Michael G. Thomason |
| 260 | |a Reading, Mass. : |b Addison-Wesley Pub. Co., Advanced Book Program, |c 1978 | ||
| 300 | |a xix, 283 p.; |b ill.; |c 24 cm. | ||
| 490 | 1 | |a Applied mathematics and computation |v ; 14 | |
| 500 | |a Bibliography: p. 271-278 | ||
| 500 | |a Includes index | ||
| 650 | 0 | 0 | |a Pattern perception. |
| 650 | 0 | 0 | |a Formal languages. |
| 650 | 0 | 0 | |a Machine theory. |
| 700 | 1 | |a Thomason, Michael G. | |
| 830 | 0 | |a Applied mathematics and computation ; |v ; 14 | |
| 852 | |a INST |b SAMOS |e 19941103 |h 003.52 GON |p 005300002307 |q 005300002307 |t BK |y 0 | ||
| 909 | |a Σ |b 007664 | ||